header

Sanctioning bias crime (Record no. 13350)

MARC details
000 -LEADER
fixed length control field 02000nam a2200373 a 4500
082 04 - DEWEY DECIMAL CLASSIFICATION NUMBER
Classification number 364.150973
100 1# - MAIN ENTRY--AUTHOR NAME
Personal name Pearlman, Terrylynn,
245 10 - TITLE STATEMENT
Title Sanctioning bias crime
260 ## - PUBLICATION, DISTRIBUTION, ETC. (IMPRINT)
Place of publication New York :
Name of publisher LFB Scholarly Pub.,
Year of publication 2008.
300 ## - PHYSICAL DESCRIPTION
Number of Pages vii, 295 p.
490 1# - SERIES STATEMENT
Series statement Criminal justice
505 0# - FORMATTED CONTENTS NOTE
Formatted contents note Bias crime legislation and public opinion : an overview -- The emergence and legality of bias crime legislation -- Scholarly perspectives on bias crime legislation -- Public opinion research on bias crime and legislation -- Public opinion research on crime and punishment and its relevance to bias crime -- The current study : design to analysis -- Citizens' views on bias crime -- Citizens' bias crime policy preferences -- Citizens' responses to bias crime vignettes -- Citizens' views on bias crime legislation -- Findings and implications.
650 #0 - SUBJECT ADDED ENTRY--TOPICAL TERM
Topical Term Hate crimes
Topical Term Hate crimes
Topical Term Public opinion
856 40 - ELECTRONIC LOCATION AND ACCESS
Uniform Resource Identifier http://site.ebrary.com/lib/rucke/Doc?id=10256716

No items available.

© 2026 Rongo University
Contact us: librarian | system librarian | Rongo university